| 000 | 00474nam a2200181Ia 4500 | ||
|---|---|---|---|
| 005 | 20250326123555.0 | ||
| 008 | 250326s9999 xx 000 0 und d | ||
| 037 | _aTextbook | ||
| 040 |
_aFMSL _beng _cFMSL |
||
| 041 |
_aeng _2eng |
||
| 084 |
_aD658(B) L0 _qFMSL |
||
| 100 |
_aStuart F _9735517 |
||
| 245 | 0 |
_aFortran programming _cStuart F |
|
| 260 |
_aNY _bNY, John Wiley _c1970 |
||
| 300 | _a371p | ||
| 942 |
_cTB _hD658(B) L0 |
||
| 999 |
_c1269987 _d1269987 |
||